Vista normal
Vista MARC
Entrada Personal Name
Número de registros utilizados en: 3
001 - CONTROL NUMBER
- control field: 1315
003 - CONTROL NUMBER IDENTIFIER
- control field: OSt
005 - DATE AND TIME OF LATEST TRANSACTION
- control field: 20110901091653.0
008 - FIXED-LENGTH DATA ELEMENTS
- fixed length control field: 110901|||a|||||| | ||| d
040 ## - CATALOGING SOURCE
- Original cataloging agency: OSt
- Transcribing agency: OSt
100 ## - HEADING--PERSONAL NAME
- Personal name: Dalley, Arthur F.
670 ## - SOURCE DATA FOUND
- Source citation: Work cat.: (OSt)618: Moore, Keith L. 137, Anatomía con orientación clínica / , 2002.